| 000 | 00802cam a2200289 4500500 | ||
|---|---|---|---|
| 005 | 20260329005251.0 | ||
| 041 | _afre | ||
| 042 | _adc | ||
| 100 | 1 | 0 |
_aLacroix, Samuel _eauthor |
| 245 | 0 | 0 | _aBureau, fais ton office ! |
| 260 | _c2023. | ||
| 500 | _a46 | ||
| 690 | _aAlexis Lavis | ||
| 690 | _aBureau | ||
| 690 | _aChine | ||
| 690 | _aCréativité | ||
| 690 | _aInjonction contradictoire | ||
| 690 | _aOrdre | ||
| 690 | _aPlanification | ||
| 690 | _aRationalité | ||
| 690 | _aSerendipité | ||
| 690 | _aSociété de services | ||
| 690 | _aSpontanéité | ||
| 690 | _aTravail | ||
| 786 | 0 | _nPhilosophie magazine | 166 | 1 | 2023-02-01 | p. 25-27 | 1951-1787 | |
| 856 | 4 | 1 | _uhttps://shs.cairn.info/magazine-philosophie-magazine-2023-1-page-25?lang=fr&redirect-ssocas=7080 |
| 999 |
_c1841827 _d1841827 |
||